000
00260nam a2200097Ia 4500
008
190216s9999||||xx |||||||||||||| ||und||
100
_a
Sooryanarayana Rao H.G
245
0
_a
Prose For Pleassure And Comprehension
260
_b
Oxford University Press
942
_c
BK
999
_c
13057
_d
13057